Κατάλογος Βιβλιοθηκών Mediterranean College

Επικοινωνίες, 1.600 όροι : (Record no. 9862)

MARC details
000 -LEADER
fixed length control field 04351nam a22002657a 4500
003 - ΤΑΥΤΟΤΗΤΑ ΤΟΥ ΑΡΙΘΜΟΥ ΕΛΕΓΧΟΥ
Πεδίο ελέγχου GR-AtMCL
005 - ΗΜΕΡΟΜΗΝΙΑ ΚΑΙ ΩΡΑ ΤΕΛΕΥΤΑΙΑΣ ΕΝΗΜΕΡΩΣΗΣ
Πεδίο ελέγχου 20250804135311.0
006 - FIXED-LENGTH DATA ELEMENTS--ADDITIONAL MATERIAL CHARACTERISTICS
Πεδίο ελέγχου σταθερού μήκους a|||||r|||||||||||
008 - FIXED-LENGTH DATA ELEMENTS--GENERAL INFORMATION
Πεδίο ελέγχου σταθερού μήκους 250804b |||||||| |||| 00| 0 eng d
020 ## - ISBN
ISBN 9601604650
Επεξηγηματικές πληροφορίες χαρτόδ.
040 ## - ΠΗΓΗ ΚΑΤΑΛΟΓΟΓΡΑΦΗΣΗΣ
Φορέας πρωτότυπης καταλογογράφησης MC Athens Campus Library
Γλώσσα καταλογογράφησης Ελληνικά, Μοντέρνα (1453-)
Modifying agency MC Athens Campus Library
Κανόνες περιγραφικής καταλογογράφησης AACR2
245 00 - ΤΙΤΛΟΣ ΚΑΙ ΔΗΛΩΣΗ ΥΠΕΥΘΥΝΟΤΗΤΑΣ
Τίτλος Επικοινωνίες, 1.600 όροι :
Remainder of title ραδιοτηλεόραση, τηλεπικοινωνίες, internet /
Statement of responsibility, etc. Ηρώ Αναγνωστοπούλου, Άννα Σκουρα, Κώστας Σφικτός.
260 ## - PUBLICATION, DISTRIBUTION, ETC.
Place of publication, distribution, etc. Αθήνα :
Name of publisher, distributor, etc. Πατάκης,
Date of publication, distribution, etc. 2002.
300 ## - PHYSICAL DESCRIPTION
Extent 396 σ. ;
Διαστάσεις 21 εκ.
500 ## - GENERAL NOTE
Γενική σημείωση Ειδικό αφιέρωμα στην Ελλάδα, χρήσιμοι πίνακες
520 ## - SUMMARY, ETC.
Summary, etc. Οι επικοινωνίες είναι γύρω μας. Kαθημερινά ακούμε όρους στα αγγλικά, την παγκόσμια γλώσσα των επικοινωνιών. Το βιβλίο αυτό συγκεντρώνει 1.600 όρους από τη ραδιοτηλεόραση, τις τηλεπικοινωνίες και το Ίντερνετ – τρεις χώρους που συγκλίνουν. Για παράδειγμα, σ’ αυτό μπορεί κανείς να αναζητήσει: Για την αγορά της ραδιοτηλεόρασης: Πώς εξελίσσεται η ψηφιακή τηλεόραση. Το t-commerce αναμένεται να ξεπεράσει το e-commerce. Πώς τα δίκτυα στις ΗΠΑ αντιμετωπίζουν τη νέα οικονομία. Η αμφίδρομη τηλεόραση προσφέρει VOD, impulse PPV κ.ά. Γιατί η Ε.Ε. εξέδωσε την πρώτη Οδηγία για την Τηλεόραση μόλις το 1989. Ότι ο ελληνικός νόμος για την ψηφιακή τηλεόραση (Ν. 2644/98) είναι ο πληρέστερος στην Ευρώπη. Για τις τηλεπικοινωνίες: Το ISDN αντικαθίσταται από το DSL. Στην αγορά των δορυφόρων επικοινωνιών ανταγωνίζονται οι Eutelsat, Intelsat και SES/Astra. Η Ελλάδα, τελευταία, απελευθερώνει σταδιακά την αγορά της από το 2001. Τα κράτη θεσπίζουν όργανα όπως η Αρχή Προστασίας Δεδομένων Προσωπικού Χαρακτήρα, αλλά αδυνατούν να μας προστατεύσουν από συστήματα όπως το Echelon. Τι είναι ηλεκτρονική δημοκρατία και ποιοι κερδίζουν στην κοινωνία της πληροφορίας. Για το Ίντερνετ: Πώς οι υπολογιστές επικοινωνούν μέσω του www και του TCP/IP. Έρχεται τo Ιnternet2; Τι είναι το webcasting. Πώς ξεκίνησε η μετάδοση ταινιών με το VOD Ιnternet. Πώς συγκεντρώνονται πληροφορίες με τα cookies. Ακόμη και η CIA δηλώνει ότι δεν υπάρχει τρόπος να προστατευτεί ένα δίκτυο από τους crackers. Οι dot com εταιρείες διανύουν τη δυσκολότερη φάση τους. Τι είναι τα e-commerce και e-business. Για τη διαφήμιση, την έρευνα τηλεθέασης, το τηλεοπτικό πρόγραμμα: Η διαφήμιση γίνεται αμφίδρομη. Πώς η τάση για εξειδικευμένα προγράμματα μεταφέρεται στο Ίντερνετ με τις θεματικές πύλες. Αμερικάνικο δίκτυο πώλησε σειρά σε ένα χορηγό παραχωρώντας μόνο product placement. Τι είναι τα νούμερα τηλεθέασης. Το Bar και το Βig Brother είναι docusoap, τηλεπαιχνίδια ή reality;
650 #0 - SUBJECT ADDED ENTRY--TOPICAL TERM
Topical term or geographic name entry element Τηλεπικοινωνία
9 (RLIN) 9928
650 #0 - SUBJECT ADDED ENTRY--TOPICAL TERM
Topical term or geographic name entry element Πληροφορική
9 (RLIN) 9850
650 #0 - SUBJECT ADDED ENTRY--TOPICAL TERM
Topical term or geographic name entry element Τεχνολογία
9 (RLIN) 9929
700 ## - ΠΡΟΣΘΕΤΗ ΑΝΑΓΡΑΦΗ--ΦΥΣΙΚΟ ΠΡΟΣΩΠΟ
Personal name Αναγνωστοπούλου, Ηρώ
9 (RLIN) 9930
700 ## - ΠΡΟΣΘΕΤΗ ΑΝΑΓΡΑΦΗ--ΦΥΣΙΚΟ ΠΡΟΣΩΠΟ
Personal name Σκούρα, Άννα
9 (RLIN) 9931
700 ## - ΠΡΟΣΘΕΤΗ ΑΝΑΓΡΑΦΗ--ΦΥΣΙΚΟ ΠΡΟΣΩΠΟ
Personal name Σφικτός, Κώστας
9 (RLIN) 9932
942 ## - ADDED ENTRY ELEMENTS (KOHA)
Koha item type Books
Holdings
Τύπος τεκμηρίου Βιβλιοθήκη Τρέχουσα τοποθεσία Barcode Αριθμός εισαγωγής Ημερομηνία απόκτησης Ταξιθετικό σύμβολο Αριθμός αντιτύπου Κατάσταση απόσυρσης Κατάσταση χαμένου Κατάσταση κατεστραμμένου Μη δανεισμός Σύνολο δανεισμών Ημερομηνία τελευταίας εμφάνισης Η τιμή ισχύει από
Books MC Athens Campus Library MC Athens Campus Library 9780000098344 8007 04/08/2025 621.3803 ΑΝΑ 1           04/08/2025 04/08/2025

MC Athens Campus Library
Πατησίων 94 & Κοδριγκτώνος 13, 104 34
Πελλήνης 8 & Πατησίων 107, 112 51
Τ: +30 210 8899600

MC Thessaloniki Campus Library
Ίωνος Δραγούμη 21, 54625 | Ίωνος Δραγούμη 15, 54625
Τ: +30 2310 287779 – Τ: +30 2314 440300